Histoire de la littérature angalise / (Record no. 165997)

MARC details
000 -LEADER
campo de control de longitud fija 00696nam a22002055i 4500
001 - NÚMERO DE CONTROL
campo de control 165997
003 - IDENTIFICADOR DE NÚMERO DE CONTROL
campo de control ES-MaACL
005 - FECHA Y HORA DE LA ÚLTIMA TRANSACCIÓN
campo de control 20251015063149.0
008 - DATOS DE LONGITUD FIJA--INFORMACIÓN GENERAL
campo de control de longitud fija 050914s1873 fr | |||||||| ||fre d
040 ## - FUENTE DE CATALOGACIÓN
Centro catalogador/agencia de origen CAM
Lengua de catalogación spa
Centro/agencia transcriptor CAM
100 1# - ENTRADA PRINCIPAL--NOMBRE DE PERSONA
Nombre de persona Taine, Hippolyte,
Fechas asociadas al nombre 1828-1893
9 (RLIN) 109085
245 10 - MENCIÓN DEL TÍTULO
Título Histoire de la littérature angalise /
Mención de responsabilidad, etc. par H. Taine.
250 ## - MENCION DE EDICION
Mención de edición 3e éd. rev. et augm.
260 ## - PUBLICACIÓN, DISTRIBUCIÓN, ETC.
Lugar de publicación, distribución, etc. Paris :
Nombre del editor, distribuidor, etc. Libririe Hachette et Cie.,
Fecha de publicación, distribución, etc. 1873 (
Fabricante Typographie Lahure)
300 ## - DESCRIPCIÓN FÍSICA
Extensión 5 v. (XLIX, 412; 523; 426; 483; 480 p. ) ;
Dimensiones 18 cm.
700 1# - ENTRADA AGREGADA--NOMBRE PERSONAL
Nombre de persona Lahure,
Término indicativo de función/relación
9 (RLIN) 128598
710 21 - ENTRADA AGREGADA--NOMBRE DE ENTIDAD CORPORATIVA
Nombre de entidad corporativa o nombre de jurisdicción como elemento de entrada Hachette,
Término indicativo de función/relación
9 (RLIN) 134431
852 ## - LOCALIZACIÓN
Ubicación ES-MaACL
Número de control de estantería D-4894-4898
Nota libre -- Enc. hol.
Holdings
Estatus retirado Estado de pérdida Estado de daño No para préstamo Colección Biblioteca de origen Biblioteca actual Ubicación en estantería Fecha de adquisición Fuente de adquisición Total de préstamos Signatura topográfica completa Código de barras Visto por última vez Precio de reemplazo Tipo de ítem Koha
        Libros del s. XIX Biblioteca del Ateneo de Madrid Biblioteca del Ateneo de Madrid Sala Valle Inclán 17/01/2008     D-4894-4898 901174086 23/02/2023 23/02/2023 Libro impreso antiguo